| 000 | 01019nam a22002537a 4500 | ||
|---|---|---|---|
| 005 | 20170124103015.0 | ||
| 010 | _aA-633155 | ||
| 020 | _c100.00 | ||
| 035 | _aA-633155 | ||
| 037 | _bCen Lib/Ret | ||
| 040 |
_aDPL _bHN |
||
| 082 |
_aक _bद्रिवेदी |
||
| 100 |
_aद्रिवेदी, योगेन्द्र _943407 |
||
| 245 |
_aकहानी संग्रह और फिर / _c योगेन्द्र द्रिवेदी |
||
| 246 |
_aKahani sangrah aur Fir _b by Yogendra Drivedi |
||
| 260 |
_aलखनऊ _bहिंदी संस्थान प्रकाशन _c1991 |
||
| 270 |
_aआलम नगर _bलखनऊ |
||
| 300 |
_a100पृष्ठ. _c20(सजिल्द) |
||
| 650 |
_aहिंदी साहित्य _958815 |
||
| 650 |
_aआम जिन्दगी की कहानी _958816 |
||
| 650 |
_ahindi literature _958817 |
||
| 650 |
_aCommon life story _958818 |
||
| 942 |
_2ddc _cHN _hक _mद्रिवेदी |
||
| 999 |
_c114884 _d114884 |
||